| 000 | 00793nam a2200241Ia 4500 | ||
|---|---|---|---|
| 008 | 130821s1981 sp gr spa | ||
| 020 | _a8472232018 | ||
| 040 |
_aCo-BoUCM _bspa |
||
| 041 | 0 | 0 | _aspa |
| 100 | 1 |
_aMilosz, Czelaw _d1911- _9162490 |
|
| 245 | 1 | 3 |
_aEl valle de Issa _cCzelaw Milosz; traducción de Anna Rondón Klemensiewich |
| 260 |
_aBarcelona (España) _bTusquets Editores _c1981 |
||
| 300 | _a335 páginas | ||
| 490 |
_aColección Andazas _v1 |
||
| 650 | 0 | 4 |
_aLiteratura europea _926524 |
| 650 | 0 | 4 |
_aLiteratura polaca _918726 |
| 650 | 0 | 4 |
_aNiños _vNovela _9127 |
| 650 | 0 | 4 |
_aNovela polaca _920556 |
| 700 | 1 |
_aRondon KLEMENSIEWICH, Anna _etrad. _9162491 |
|
| 765 | 1 | 0 | _aDolina Issy |
| 942 |
_cLIBRO _a18 _e1 _mM661v _2DEWEY _h891.857 |
||
| 999 |
_c48413 _d48413 |
||